L´Interiorita Oggettiva

Uloženo v:
Podrobná bibliografie
Hlavní autor: Sciacca, Michele Federico
Médium: Kniha
Jazyk:Undetermined
Vydáno: Milan, Italia Marzorati-editore 1958
Témata:
Tagy: Přidat tag
Žádné tagy, Buďte první, kdo vytvoří štítek k tomuto záznamu!

MARC

LEADER 00000nam a2200000Ia 4500
008 170316s9999 xx 000 0 und d
090 |a 100 S-31int 
100 |a Sciacca, Michele Federico 
245 |a L´Interiorita Oggettiva 
260 |a Milan, Italia 
260 |b Marzorati-editore 
260 |c 1958 
300 |a 117 páginas 
650 |a FILOSOFÍA 
999 |c 17609  |d 17609 
040 |a cru BVZT 
942 |c 15 D  |h 100 S-31int  |2 z